000
00221nam a2200097Ia 4500
008
170619s9999 xx 000 0 und d
100
_a
Royce Walker
245
0
_a
Software Project Management
260
_b
Pearson
260
_c
2012
546
_a
ENGLISH
999
_c
19713
_d
19713